[Event "Warsaw Chess op-A"]
[Site "Warsaw"]
[Date "2022.07.21"]
[Round "4"]
[White "Pires, Emanuel Joao Robart"]
[Black "Terzi, Alexei"]
[Result "0-1"]
[WhiteElo "2062"]
[BlackElo "2286"]
[PlyCount "120"]
[EventDate "2022.07.18"]
[EventType "swiss"]
[EventRounds "9"]
[EventCountry "POL"]
[SourceTitle "CBM 209 Extra"]
[Source "ChessBase"]
[SourceDate "2022.09.30"]
[SourceVersion "1"]
[SourceVersionDate "2022.09.30"]
[SourceQuality "1"]

1. e4 c5 2. d4 cxd4 3. c3 Nf6 4. e5 Nd5 5. Nf3 Nc6 6. cxd4 d6 7. Bc4 Nb6 8. Bb5 dxe5 9. Nxe5 Bd7 10. Bxc6 Bxc6 11. 0-0 e6 12. Nxc6 bxc6 13. Nc3 Be7 14. Qg4 0-0 15. Bh6 Bf6 16. Rfd1 Nc4 17. b3 Nd6 18. Bf4 Nf5 19. Be3 Qa5 20. Na4 Rfd8 21. Rac1 Qa6 22. Rc4 Rac8 23. Rdc1 h6 24. R1c2 Qa5 25. Bd2 Qd5 26. Nc3 Qd7 27. Ne4 Bxd4 28. Ba5 h5 29. Qxh5 Bb6 30. Bd2 Qd3 31. g4 Nd4 32. Ng5 Nf3+ 33. Kg2 Nxg5 34. Bxg5 Qd5+ 35. f3 f6 36. Bc1 Qd1 37. Qg6 Qg1+ 38. Kh3 Qf1+ 39. Kg3 Qe1+ 40. Kh3 Qf1+ 41. Kg3 Qe1+ 42. Kh3 Bf2 43. Rxf2 Qxf2 44. Bf4 Qxf3+ 45. Bg3 Qd3 46. Qxd3 Rxd3 47. Ra4 c5 48. g5 Kf7 49. Rxa7+ Kg6 50. Kg2 c4 51. bxc4 Rxc4 52. gxf6 gxf6 53. a3 Rc2+ 54. Kh3 Ra2 55. a4 Rda3 56. Re7 e5 57. Re6 Rxa4 58. Bxe5 Kf5 59. Rxf6+ Kxe5 60. Rh6 R4a3+ 0-1

[Event "Warsaw Maciei Memorial"]
[Site "Warsaw"]
[Date "2022.07.08"]
[Round "9"]
[White "Pires, Emanuel Joao Robart"]
[Black "Koziorowicz, Michal"]
[Result "0-1"]
[WhiteElo "2062"]
[BlackElo "2231"]
[PlyCount "82"]
[EventDate "2022.07.08"]
[EventType "swiss (blitz)"]
[EventRounds "11"]
[EventCountry "POL"]
[SourceTitle "CBM 209 Extra"]
[Source "ChessBase"]
[SourceDate "2022.09.30"]
[SourceVersion "1"]
[SourceVersionDate "2022.09.30"]
[SourceQuality "1"]

1. e4 c5 2. d4 cxd4 3. c3 d3 4. Bxd3 Nc6 5. Nf3 g6 6. h3 Bg7 7. 0-0 d6 8. Qe2 Nf6 9. Rd1 Qa5 10. Na3 0-0 11. Nc4 Qh5 12. Bf4 Be6 13. Ne3 Rac8 14. Nf1 Nd7 15. Ng3 Qa5 16. Bc2 Nde5 17. Ng5 Bc4 18. Qd2 h6 19. Nf3 Nxf3+ 20. gxf3 Kh7 21. Kh2 Ne5 22. Bxe5 Qxe5 23. Qe3 Qc5 24. Qd2 b5 25. Nf1 Bxf1 26. Rxf1 b4 27. Rac1 bxc3 28. bxc3 Bxc3 29. Qe2 Qe5+ 30. Kg2 Qg5+ 31. Kh1 Be5 32. Rg1 Qf4 33. Kg2 Qh2+ 34. Kf1 Qxh3+ 35. Ke1 Rc5 36. Rb1 Rfc8 37. Bb3 Rc1+ 38. Kd2 Bf4+ 39. Kd3 R1c3+ 40. Kd4 Be5+ 41. Kd5 Qe6# 0-1

[Event "Lisbon Portugal rapid op"]
[Site "Lisbon"]
[Date "2018.02.10"]
[Round "8"]
[White "Pires, Emanuel Joao Robart"]
[Black "Jorge, Rita Maria Osorio"]
[Result "1-0"]
[WhiteElo "2068"]
[BlackElo "1960"]
[PlyCount "91"]
[EventDate "2018.02.10"]
[EventType "swiss (rapid)"]
[EventRounds "8"]
[EventCountry "POR"]
[SourceTitle "CBM 182 Extra"]
[Source "ChessBase"]
[SourceDate "2018.02.23"]
[SourceVersion "1"]
[SourceVersionDate "2018.02.23"]
[SourceQuality "1"]

1. e4 c5 2. d4 cxd4 3. c3 Nc6 4. Nf3 d5 5. exd5 Qxd5 6. Na3 Bg4 7. Be2 d3 8. Qxd3 Qxd3 9. Bxd3 Bxf3 10. gxf3 Nf6 11. Be3 Rc8 12. h4 g6 13. Ke2 e5 14. Nc4 Ke7 15. a4 Bg7 16. Bc5+ Ke6 17. Nd6 Rc7 18. Rad1 Ne7 19. Bc4+ Ned5 20. Ne4 b6 21. Nxf6 Kxf6 22. Rxd5 bxc5 23. h5 Rb8 24. b3 Rb6 25. Rd8 Ke7 26. Rg8 Bf6 27. hxg6 hxg6 28. Rh7 Kd6 29. Rxf7 Rxf7 30. Bxf7 Ke7 31. Bc4 e4 32. fxe4 Bxc3 33. f4 Rd6 34. Ke3 Bd2+ 35. Kf3 Rf6 36. Rg7+ Kf8 37. Rxa7 Rxf4+ 38. Ke2 Bb4 39. Ke3 Rh4 40. e5 Rh1 41. Ke4 Bc3 42. e6 Re1+ 43. Kd5 Bd4 44. a5 Re5+ 45. Kd6 Rh5 46. e7+ 1-0

[Event "Lisbon Portugal rapid op"]
[Site "Lisbon"]
[Date "2018.02.10"]
[Round "3"]
[White "Pires, Emanuel Joao Robart"]
[Black "Nagy, Gabor"]
[Result "0-1"]
[WhiteElo "2068"]
[BlackElo "2469"]
[PlyCount "90"]
[EventDate "2018.02.10"]
[EventType "swiss (rapid)"]
[EventRounds "8"]
[EventCountry "POR"]
[SourceTitle "CBM 182 Extra"]
[Source "ChessBase"]
[SourceDate "2018.02.23"]
[SourceVersion "1"]
[SourceVersionDate "2018.02.23"]
[SourceQuality "1"]

1. e4 c5 2. d4 cxd4 3. c3 d3 4. Bxd3 Nc6 5. Nf3 d6 6. h3 g6 7. 0-0 Bg7 8. Qe2 Nf6 9. Rd1 Nd7 10. Na3 0-0 11. Bg5 h6 12. Bh4 a6 13. Nc4 b5 14. Ne3 Bb7 15. Bc2 b4 16. Rxd6 g5 17. Rd2 bxc3 18. bxc3 gxh4 19. Rad1 Bc8 20. Nf5 e6 21. Nd6 Nde5 22. Nxe5 Nxe5 23. Nxf7 Qf6 24. Nxe5 Qxe5 25. Rd3 Ra7 26. Qg4 Qg5 27. Qxg5 hxg5 28. Rd8 Rc7 29. Bb3 Kf7 30. c4 Ke7 31. R8d3 Be5 32. Rc1 Rd7 33. Rxd7+ Bxd7 34. c5 Bc6 35. f3 Rd8 36. Rc2 a5 37. Bc4 a4 38. Kf1 Rd1+ 39. Ke2 Rd4 40. Bd3 Rb4 41. Ke3 Bd4+ 42. Kd2 Kf6 43. Kc1 Ke5 44. a3 Rb3 45. Be2 Be3+ 0-1

[Event "Lisbon Check Mate op 5th"]
[Site "Lisbon"]
[Date "2017.08.29"]
[Round "5"]
[White "Ruiz Ledo, Antonio"]
[Black "Pires, Emanuel Joao Robart"]
[Result "1-0"]
[WhiteElo "2041"]
[BlackElo "2035"]
[PlyCount "93"]
[EventDate "2017.08.26"]
[EventType "swiss"]
[EventRounds "7"]
[EventCountry "POR"]
[SourceTitle "CBM 180 Extra"]
[Source "ChessBase"]
[SourceDate "2017.10.06"]
[SourceVersion "1"]
[SourceVersionDate "2017.10.06"]
[SourceQuality "1"]

1. b3 e5 2. Bb2 d6 3. g3 Nf6 4. Bg2 Be7 5. c4 Nc6 6. Nc3 0-0 7. Nf3 h6 8. 0-0 Re8 9. e4 Bg4 10. h3 Bxf3 11. Qxf3 Nd4 12. Qd3 Nd7 13. b4 a5 14. a3 axb4 15. axb4 Rxa1 16. Rxa1 c6 17. Nd1 Qb6 18. Bc3 Rd8 19. Ne3 g6 20. h4 Nb8 21. h5 Na6 22. Rb1 Kg7 23. Qf1 Bf6 24. b5 Nc5 25. bxc6 Qxc6 26. Nd5 Nce6 27. f4 exf4 28. Nxf6 Kxf6 29. e5+ dxe5 30. Bxc6 bxc6 31. gxf4 Nxf4 32. Re1 gxh5 33. Re4 Kf5 34. Rxf4+ exf4 35. Qd3+ Ke5 36. Qe2+ Kf5 37. Qxh5+ Ke4 38. Qxf7 Kf3 39. Qh5+ Kg3 40. Qh2+ Kg4 41. Qg2+ Kf5 42. Qh3+ Ke4 43. d3+ Ke5 44. Qxh6 Rg8+ 45. Kf2 c5 46. Qh5+ Ke6 47. Qd5+ 1-0